| 000 | 01897nam a2200469 c 4500 | ||
|---|---|---|---|
| 001 | 117339 | ||
| 003 | BLK | ||
| 005 | 20241207155255.0 | ||
| 008 | 180409b bul|||||r ||||||| ||bul|| | ||
| 010 | _aKNG00122925000 | ||
| 040 | _aBLK | ||
| 041 |
_aBUL _cBUL |
||
| 080 |
_aМузиканти-творци, композитори _b78.071.1 _x(497.2)(092) _z78.071.1(497.2)(092) |
||
| 080 |
_aБиографии _b929 _x(497.2) _z929(497.2) |
||
| 100 |
_aСагаев, Димитър Константинов _d1915-2003 _9261733 |
||
| 139 |
_aСагаев, Димитър Констонтинов _bС 13 |
||
| 245 | 1 | 0 |
_aГалерия от образи - музикални творци на нашето време _cДимитър Константинов Сагаев. |
| 257 | _aBGR | ||
| 260 |
_bНар. просв. _c1985 |
||
| 300 |
_a176 с. _bс портр. _c21 см |
||
| 380 | _a7 | ||
| 600 | 0 |
_aКутев, Филип Тенев _d1903-1982 _9387712 |
|
| 600 | 1 | 4 |
_aДимитров, Георги Димитров _9303527 |
| 600 | 1 | 4 |
_aЗлатев-Черкин, Георги _9315139 |
| 600 | 1 | 4 |
_aОбретенов, Светослав Светославов _9315134 |
| 600 | 1 | 4 |
_aСтоянов, Веселин Анастасов _9309309 |
| 600 | 0 |
_aПипков, Любомир Панайотов _d1904-1974 _9428881 |
|
| 650 | 4 |
_aКомпозитори - биографии _9246095 |
|
| 650 | 0 |
_aМузика - България _9256005 |
|
| 651 | 4 |
_aБългария _9241624 |
|
| 653 | _aмузика | ||
| 653 | _aБългария | ||
| 653 | _aкомпозитори | ||
| 653 | _aбиографии | ||
| 852 | _aЦб 133965 | ||
| 856 | 4 | _qpdf | |
| 856 | 4 | _qpdf | |
| 942 |
_cKNG _n0 _01 |
||
| 944 |
_aCR _c18.04.2011 _lГеновева Генчева _k30560 |
||
| 944 |
_aED _c17.09.2015 _lдобави в АБ / 16.04.2011 |
||
| 999 |
_c117339 _d117339 |
||
| 999 | _d117339 | ||